Algemene Kennisquiz #2 - Statistieken

Algemene statistieken
  • Deze quiz is 3.124 keer genomen
  • De gemiddelde score is 8 van 20
Antwoordstatistieken
Vraag Antwoord % Correct
Welk land grenst aan San Marino? Italië
86%
Welk land heeft de meeste FIFA Wereldkampioenschappen bij de mannen gewonnen? Brazilië
85%
Wat is de heiligste stad in de Islam? Mekka
85%
Wat is de Nederlandse vertaling van het Engelse woord "Sausage"? Worst
82%
Wie was de koning van de Romeinse goden? Jupiter
69%
Wie is in 2011 afgetreden als directeur van Apple? Steve Jobs
65%
Welk Afrikaans land had te maken met een opleving in piraterij in het begin van de 21ste eeuw? Somalië
58%
Wat droeg Abebe Bikila aan zijn voeten toen hij de marathon op de Olympische Zomerspelen van 1960 won? Niets
50%
Waar voer Berend Botje met zijn schip heen? Zuidlaren
49%
Wat had Mozes bij zich toen hij van de Sinaïberg afdaalde? De Tien Geboden
34%
Wie schreef de "Maanlichtsonate"? Ludwig van Beethoven
33%
Welk type dier heeft een kop, een borststuk, en een achterlijf? Insect
27%
Hoe wordt een mannelijke gans genoemd? Gent
22%
Wat is het kleinste positieve getal waarvoor je zes lettergrepen nodig hebt om het uit te spreken? Zevenenzeventig
21%
Wat is "goed" als het HDL is en "slecht" als het LDL is? Cholesterol
17%
Wie is door het magazine Rolling Stone tot #1 gitarist aller tijden uitgeroepen? Jimi Hendrix
17%
Wie was minister-president van het Verenigd Koninkrijk van 1937 tot 1940? Neville Chamberlain
14%
Welke zanger van "Wild World" heeft in 1977 zijn naam naar Yusuf Islam veranderd? Cat Stevens
12%
Welke van alle steden met een metropoolbevolking van meer dan 1 miljoen komt alfabetisch als laatste? Zürich
8%
Hoe staat het mineraal pyriet beter bekend? Het goud der dwazen
4%
Geen overeenkomende quizzen gevonden
Scoreverdeling
Procent van Mensen met Elke Score
Percentiel versus Aantal Correcte Antwoorden
Uw Scoregeschiedenis
U heeft deze quiz nog niet genomen